000 00945nam a2200277Ia 4500
003 OSt
005 20221005111405.0
006 a|||||r|||| 00| 0
007 ta
008 221004b |||||||| |||| 00| 0 hin d
020 _a8181431650 (hbk)
_c495
024 _a14695
037 _b332, 20/03/2014, Vani Prakashan
_cTextual
040 _aCRL
_cCRL
_bhin
041 _2hin
_ahin
082 _aO157,3N62w,1, 152P4.4
100 _aनसरीन, तसलीमा
245 0 _aवे अंधेरे दिन
246 _aVe aandhere dina
260 _aनई दिल्ली
_bवाणी प्रकाशन भारत
_c2011
300 _a465पृ0
_ccm.
490 _vभाग 4
650 _aबंगाली साहित्य
942 _hO157,3N62w,1, 152P4.4
_cTEXL
_2cc
999 _c1021696
_d1021696